000 00710nam a2200253 a 4500
008
020 _a1858002346 (pbk.)
049 _aMAIN
090 _aKDK450
_bBUR
100 1 _aBurke, Philip.
245 1 0 _aLaw of torts /
_cPhilip Burke and Val Corbett.
260 _aDublin :
_bThomson Round Hall,
_c2003.
300 _axxiii, 199 p. ;
_c21 cm.
440 0 _aEssential law texts
504 _aIncludes bibliographical references.
500 _aIncludes index.
650 0 _aTorts
_zIreland.
700 1 _aCorbett, Val.
907 _a.b10158935
_b14-09-09
_c10-03-05
003
005 20230123133951.0
040 _cNUST
942 _cBOOKS
_kKDK450
_mBUR
999 _c157720
_d157720